Tilastot visalle Väkirikkaimmat valtiot

Klikkaa tästä pelataksesi tätä visaa!

Yleistilastot

  • Tätä visaa on pelattu 4 818 kertaa
    (1 249 viimeisimmän päivityksen jälkeen)
  • Keskiarvotulos 19 / 24

Vastaustilastot

VäkilukuValtio% Oikein
1434 milj.Kiina
100%
1428 milj.Intia
98%
344 milj.Yhdysvallat
98%
144 milj.Venäjä
95%
216 milj.Brasilia
93%
123 milj.Japani
93%
83,3 milj.Saksa
91%
67,5 milj.Ranska
90%
128 milj.Meksiko
85%
277 milj.Indonesia
83%
224 milj.Nigeria
80%
113 milj.Egypti
79%
68,3 milj.Yhdistynyt kuningaskunta
78%
240 milj.Pakistan
75%
71,8 milj.Thaimaa
73%
173 milj.Bangladesh
71%
60,4 milj.Etelä-Afrikka
71%
89,2 milj.Iran
71%
102 milj.Kongon dem. tasavalta
71%
85,8 milj.Turkki
70%
98,8 milj.Vietnam
68%
117 milj.Filippiinit
67%
126 milj.Etiopia
59%
67,4 milj.Tansania
43%

Tulosjakauma

Persentiili vastausten määrän mukaan

Jokaisen tuloksen saaneiden osuus

Tuloshistoriasi

Et ole pelannut tätä visaa sen viimeisimmän päivityksen jälkeen